[Event "Nuremberg Zabo op 23rd"]
[White "Hilse, Patrick"]
[Black "Blumenthal, Benjamin"]
[Site "Nuremberg"]
[Round "2"]
[Result "1-0"]
[Date "2023.09.16"]
[WhiteElo "1087"]
[BlackElo "1759"]
[PlyCount "57"]
[EventDate "2023.09.15"]
[EventType "swiss"]
[EventRounds "5"]
[EventCountry "GER"]
[SourceTitle "CBM 216 Extra"]
[Source "ChessBase"]
[SourceDate "2023.11.30"]
[SourceVersion "1"]
[SourceVersionDate "2023.11.30"]
[SourceQuality "1"]

1. e4 e5 2. Nc3 Nc6 3. Bc4 Nf6 4. d3 h6 5. Nge2 Bc5 6. 0-0 d6 7. a3 0-0 8. b4 Bb6 9. Na4 Be6 10. Nxb6 axb6 11. Bb2 Bxc4 12. dxc4 Nxe4 13. f4 Qe7 14. Qd3 Nf6 15. Rae1 Nd7 16. Nc3 Rae8 17. Nd5 Qd8 18. Qg3 f6 19. f5 Kh8 20. Re4 Ne7 21. Bc1 Nxd5 22. Bxh6 gxh6 23. Rh4 Rf7 24. Rxh6+ Rh7 25. Rxh7+ Kxh7 26. Qg6+ Kh8 27. Rf3 Nf4 28. Qh6+ Kg8 29. Rg3+ 1-0